| 000 | 00582nam a2200205Ia 4500 | ||
|---|---|---|---|
| 008 | 160803s9999 xx 000 0 und d | ||
| 020 | _a043914034X | ||
| 100 | _aSturges, Philemon | ||
| 245 | _aI love trucks! / | ||
| 245 | _cby Philemon Sturges ; illustrated by Shari Halpern. | ||
| 260 | _aNew York : | ||
| 260 | _bScholastic Inc. | ||
| 260 | _c1999 | ||
| 300 | _a24 unnumbered pages : | ||
| 300 | _bcolor illustrations ; | ||
| 300 | _c23 x 26 cm | ||
| 500 | _aOriginally published: New York : HarperCollinsPublishers, c1999. | ||
| 650 | _aTrucks. | ||
| 700 | _aBR | ||
| 999 |
_c299306 _d299306 |
||